To mladosť povedala áno : Predstavujeme nového účastníka IV. futbalovej ligy skupiny Západ - ŠM Valaliky

Podrobná bibliografia
Hlavní autori: Dudeková, Alena (Author), Borták, Róbert (Author)
Médium: Článok
Jazyk:Slovak
Témy:
Zdroj: 1. Príloha Lúča Východoslovenský šport
LEADER 00914nab#a2200325#ar4500
001 000011721
003 SVKKK
005 00000000000000.0
008 c xo e sloo
FMT
038 |a SVKKK 
040 |a SVKKK  |b slo  |e AACR2 
041 0 |a slo 
044 |a xo  |c SK 
080 |a 796.33  |2 1981 
100 1 |a Dudeková, Alena  |4 aut 
245 1 0 |a To mladosť povedala áno :  |b Predstavujeme nového účastníka IV. futbalovej ligy skupiny Západ - ŠM Valaliky  |c Dudeková Alena, , Borták Róbert 
300 |b Fotogr. 1 
650 0 4 |a futbal  |x liga 4. 
650 0 4 |a ŠM Valaliky (KS)  |x sezóny 1994/95  |x hodnotenie  |x káder hráčsky  |x rozhovory 
700 1 |a Borták, Róbert  |4 aut 
773 0 |t Príloha Lúča Východoslovenský šport 
957 |a Valaliky 
958 |a KS 
958 |a RE 
974 |d 960926  |a Čr 
992 |a RBX 
BAS
852 |a SVKKK  |b BIB 
998 |a REG